[Event "Memorial Nicola Palladino A"]
[Site "Milano ITA"]
[Date "2011.04.28"]
[Round "3"]
[White "Basso, Pier Luigi"]
[Black "Gilevych, Artem"]
[Result "0-1"]
[WhiteElo "1996"]
[BlackElo "2219"]
[PlyCount "132"]
[EventDate "2011.04.21"]

1. e4 Nc6 2. d4 d5 3. Nc3 Nf6 4. e5 Nd7 5. Nxd5 Ndb8 6. Ne3 Qxd4 7. Qxd4 Nxd4
8. c3 Ne6 9. Nf3 Nc6 10. Bc4 g6 11. Nc2 Bg7 12. Bxe6 Bxe6 13. Bf4 h6 14. Ncd4
Bd5 15. Ke2 g5 16. Nxc6 Bxc6 17. Bg3 g4 18. Nh4 e6 19. b3 O-O-O 20. Rad1 h5 21.
f3 Bb5+ 22. c4 Bc6 23. h3 gxh3 24. Rxd8+ Rxd8 25. gxh3 Bh6 26. Rd1 Rg8 27. Kf2
Bg5 28. Ng2 b6 29. Bf4 a5 30. Bxg5 Rxg5 31. Re1 Kd7 32. h4 Rf5 33. Re3 f6 34.
exf6 e5 35. Kg3 Rxf6 36. Ne1 Kd6 37. Nd3 Rf5 38. f4 exf4+ 39. Nxf4 Kd7 40. a3
b5 41. cxb5 Rxb5 42. Nd3 Kd6 43. b4 axb4 44. axb4 Bd5 45. Re5 Bc4 46. Rxb5 Bxb5
47. Nf4 Be8 48. b5 Bf7 49. Nd3 Kd5 50. Kf3 Kd4 51. Nc1 Kc5 52. Ke4 Bd5+ 53. Kd3
Kxb5 54. Kc3 Bc4 55. Kb2 Kc5 56. Kc3 Kd5 57. Kb4 Kd4 58. Ka4 Kc3 59. Ka5 Kd2
60. Kb4 Be6 61. Nb3+ Bxb3 62. Kxb3 Kd3 63. Kb2 c5 64. Kc1 c4 65. Kd1 c3 66. Kc1
c2 0-1

[Event "Memorial Nicola Palladino A"]
[Site "Milano ITA"]
[Date "2011.04.23"]
[Round "3"]
[White "Cani, Gazmir"]
[Black "Bonassi, Tommaso"]
[Result "1-0"]
[WhiteElo "2132"]
[BlackElo "1865"]
[PlyCount "63"]
[EventDate "2011.04.21"]

1. d4 d6 2. Nf3 Nf6 3. c4 g6 4. Nc3 Bg7 5. e4 O-O 6. Be2 c6 7. O-O a6 8. b3 b5
9. Nd2 Qb6 10. Nf3 Bg4 11. Be3 Qa5 12. Rc1 b4 13. e5 bxc3 14. exf6 Bxf6 15. h3
Bf5 16. g4 Bd7 17. Qc2 h5 18. Ng5 Bxg5 19. b4 Qxb4 20. Bxg5 d5 21. Rb1 Qd6 22.
c5 Qe6 23. Rbe1 Qe4 24. Qxc3 e5 25. dxe5 d4 26. Qg3 Be6 27. Bd3 Qd5 28. gxh5
Nd7 29. Be7 Nxc5 30. Bxg6 fxg6 31. Qxg6+ Kh8 32. h6 1-0

[Event "Memorial Nicola Palladino A"]
[Site "Milano ITA"]
[Date "2011.04.23"]
[Round "3"]
[White "Cantu', Guido"]
[Black "Chiarion, Elisa"]
[Result "1-0"]
[WhiteElo "1892"]
[BlackElo "1959"]
[PlyCount "71"]
[EventDate "2011.04.21"]

1. e4 c5 2. Nc3 a6 3. f4 b5 4. Nf3 d6 5. d4 cxd4 6. Nxd4 g6 7. Be2 Bg7 8. Be3
Bb7 9. Qd3 e6 10. a3 Ne7 11. O-O O-O 12. f5 exf5 13. exf5 Nec6 14. fxg6 hxg6
15. Nxc6 Nxc6 16. Rad1 Re8 17. Bf4 Nd4 18. Bg4 Qh4 19. Bh3 Nf3+ 20. Rxf3 Bxf3
21. Bg3 Qh5 22. Qxf3 Qxf3 23. gxf3 Bxc3 24. bxc3 Re2 25. Rxd6 Rxc2 26. Be5 Re8
27. f4 g5 28. Bd7 Re7 29. Bf5 Rc1+ 30. Kg2 Re8 31. Rh6 Rxe5 32. fxe5 Rxc3 33.
Rxa6 Rc5 34. e6 fxe6 35. Bxe6+ Kg7 36. Bd7 1-0

[Event "Memorial Nicola Palladino A"]
[Site "Milano ITA"]
[Date "2011.04.22"]
[Round "3"]
[White "Cazzaniga, Walter"]
[Black "Virzi, Ettore"]
[Result "1-0"]
[WhiteElo "2079"]
[BlackElo "1963"]
[PlyCount "81"]
[EventDate "2011.04.21"]

1. d4 Nf6 2. c4 g6 3. Nc3 d5 4. cxd5 Nxd5 5. Bd2 Bg7 6. e4 Nb6 7. Be3 O-O 8.
Nf3 Nc6 9. Be2 Bg4 10. d5 Bxf3 11. gxf3 Ne5 12. Qb3 c6 13. f4 Ned7 14. Rd1
Bxc3+ 15. bxc3 cxd5 16. exd5 Qc7 17. c4 Nc5 18. Qa3 Nbd7 19. h4 Qd6 20. h5 Ne4
21. Qb2 a5 22. a3 Qf6 23. Qxf6 Nexf6 24. hxg6 hxg6 25. Bd4 Kg7 26. Rb1 Rh8 27.
Rxh8 Rxh8 28. Rxb7 Rd8 29. Bg4 Kf8 30. Bh3 Ke8 31. Ke2 Rc8 32. Kd3 Rb8 33.
Rxb8+ Nxb8 34. Bxf6 exf6 35. c5 f5 36. Kd4 Ke7 37. Bf1 f6 38. Bb5 g5 39. fxg5
fxg5 40. Ke5 f4 41. Kf5 1-0

[Event "Memorial Nicola Palladino A"]
[Site "Milano ITA"]
[Date "2011.04.23"]
[Round "3"]
[White "Miracola, Massimiliano"]
[Black "Formento, Paolo"]
[Result "0-1"]
[WhiteElo "1929"]
[BlackElo "2004"]
[PlyCount "96"]
[EventDate "2011.04.21"]

1. e4 e6 2. d4 d5 3. Nc3 Bb4 4. e5 c5 5. a3 Bxc3+ 6. bxc3 Ne7 7. h4 Nbc6 8. h5
Qa5 9. Bd2 Bd7 10. h6 gxh6 11. Rb1 O-O-O 12. Rb5 Qxa3 13. Qb1 c4 14. Rxb7 Ng8
15. Rb2 f6 16. Nf3 f5 17. Ra2 Qe7 18. Bc1 Be8 19. Ba3 Qb7 20. Rb2 Qa8 21. Bf8
Rd7 22. Qa2 a5 23. Bxh6 Nxh6 24. Rxh6 Bg6 25. Qa4 Kc7 26. Ng5 Re7 27. Qa3 Rd8
28. Rb5 Rdd7 29. Qa4 Kd8 30. Rc5 Rc7 31. Nh3 Be8 32. Qa3 Qb8 33. Kd2 Qb1 34.
Be2 Rb7 35. Nf4 Rb2 36. Bd1 Ra2 37. Qc1 Qxc1+ 38. Kxc1 Ra1+ 39. Kd2 Kd7 40. Rb5
Nd8 41. Rc5 Nb7 42. Rb5 Kc6 43. Rb2 Bg6 44. Ne2 Nd8 45. Nc1 Rb7 46. Ra2 Rbb1
47. Rxa1 Rxa1 48. Rh1 a4 0-1

[Event "Memorial Nicola Palladino A"]
[Site "Milano ITA"]
[Date "2011.04.22"]
[Round "3"]
[White "Moroni, Luca jr"]
[Black "Salmoiraghi, Angelo"]
[Result "1/2-1/2"]
[WhiteElo "1815"]
[BlackElo "2161"]
[PlyCount "150"]
[EventDate "2011.04.21"]

1. e4 c5 2. Nf3 a6 3. d4 cxd4 4. Nxd4 Nf6 5. Nc3 e5 6. Nf3 Bb4 7. Bd2 d6 8. Bd3
O-O 9. O-O h6 10. h3 Be6 11. Qe2 Nbd7 12. Rad1 Rc8 13. a3 Bxc3 14. Bxc3 Qc7 15.
Rfe1 Rfd8 16. Nd2 Nc5 17. Nb1 Na4 18. Qd2 Ba2 19. Ba5 b6 20. Bc3 Bxb1 21. Rxb1
Nxc3 22. Qxc3 Qxc3 23. bxc3 b5 24. Rb3 Rc5 25. a4 bxa4 26. Ra3 Ra5 27. Rea1 Nd7
28. Rxa4 Rxa4 29. Rxa4 Nc5 30. Ra5 Ra8 31. f3 Kf8 32. Kf2 Ke7 33. Ke3 g5 34. g3
Kd7 35. h4 gxh4 36. gxh4 Kc7 37. Bc4 Rf8 38. Ra2 f5 39. exf5 Rxf5 40. Bxa6 Rh5
41. Bd3 Rxh4 42. Ra7+ Kb6 43. Rh7 Rh2 44. Bf5 Rh4 45. Bd3 Na4 46. c4 Nc5 47.
Rh8 Ne6 48. Be4 Nc5 49. Bd3 Kc6 50. Rh7 Rh2 51. Bf5 h5 52. Bg6 h4 53. Bf5 Rh1
54. Kf2 h3 55. Ke3 h2 56. Kf2 Rd1 57. Rxh2 Rd4 58. Ke3 Rxc4 59. Bd3 Rf4 60.
Be4+ Kd7 61. Rh7+ Ke6 62. Rh6+ Rf6 63. Bd5+ Kf5 64. Be4+ Nxe4 65. fxe4+ Kg5 66.
Rxf6 Kxf6 67. Kd3 Kf7 68. Kc3 Kf6 69. Kc4 Ke7 70. Kb5 Kd7 71. c3 Kc7 72. c4 Kb7
73. c5 dxc5 74. Kxc5 Kc7 75. Kd5 Kd7 1/2-1/2

[Event "Memorial Nicola Palladino A"]
[Site "Milano ITA"]
[Date "2011.04.23"]
[Round "3"]
[White "Nicolo', Filippo"]
[Black "Petrone, Gianmario"]
[Result "0-1"]
[WhiteElo "2024"]
[BlackElo "1849"]
[PlyCount "54"]
[EventDate "2011.04.21"]

1. e4 c5 2. Nc3 d6 3. f4 Nc6 4. Nf3 Nf6 5. Bb5 Bd7 6. d3 g6 7. O-O Bg7 8. Qe1
a6 9. Bxc6 Bxc6 10. f5 O-O 11. Qh4 Bd7 12. Bh6 Qb6 13. Rab1 Bxh6 14. Qxh6 Ng4
15. Qh4 Nf6 16. Ng5 h5 17. g4 Kg7 18. Nd5 Nxd5 19. exd5 c4+ 20. Kh1 Qd4 21. Ne4
cxd3 22. cxd3 Qxd3 23. gxh5 Bxf5 24. Rxf5 Qxb1+ 25. Kg2 gxf5 26. Qg5+ Kh7 27.
Qxf5+ Kh8 0-1

[Event "Memorial Nicola Palladino A"]
[Site "Milano ITA"]
[Date "2011.04.23"]
[Round "3"]
[White "Pegoraro, Nicola"]
[Black "Gonella, Daniele"]
[Result "1/2-1/2"]
[WhiteElo "2016"]
[BlackElo "2022"]
[PlyCount "98"]
[EventDate "2011.04.21"]

1. e4 e5 2. Nf3 d6 3. d4 exd4 4. Nxd4 Nc6 5. Nc3 Nf6 6. Be2 Be7 7. Be3 a6 8.
Nxc6 bxc6 9. O-O O-O 10. f4 d5 11. Bf3 Bb7 12. a3 Re8 13. Re1 dxe4 14. Nxe4
Nxe4 15. Bxe4 Qxd1 16. Raxd1 Bd6 17. Bc1 Rad8 18. Bf3 f5 19. g3 Kf7 20. Kg2 g6
21. Rxe8 Rxe8 22. Bd2 Rb8 23. Bc3 c5 24. Bxb7 Rxb7 25. Kf3 Rb8 26. Re1 Rg8 27.
h4 h6 28. a4 g5 29. hxg5 hxg5 30. fxg5 Rxg5 31. Be5 Rg4 32. Bf4 Rg8 33. Rd1 Ke6
34. Re1+ Kf7 35. Rd1 Ke6 36. b3 Rb8 37. Re1+ Kf7 38. Rd1 Ke6 39. Rh1 c4 40.
Rh6+ Ke7 41. bxc4 Rb4 42. Rh7+ Ke6 43. c5 Bxf4 44. gxf4 Rxa4 45. Rxc7 Ra3+ 46.
Ke2 Rc3 47. Kd2 Rc4 48. Rc6+ Kd5 49. Rxa6 Rxf4 1/2-1/2

[Event "Memorial Nicola Palladino A"]
[Site "Milano ITA"]
[Date "2011.04.23"]
[Round "3"]
[White "Pelizzola, Danilo"]
[Black "Guzzetti, Luigi Enrico"]
[Result "1/2-1/2"]
[WhiteElo "2063"]
[BlackElo "1908"]
[PlyCount "87"]
[EventDate "2011.04.21"]

1. e4 c5 2. Nf3 e6 3. d4 cxd4 4. Nxd4 a6 5. Bd3 Nf6 6. O-O Qc7 7. Be3 Nc6 8.
Nxc6 bxc6 9. c4 c5 10. Nc3 Be7 11. Qe2 O-O 12. f4 d6 13. Rae1 Bb7 14. Bc1 Rfe8
15. Qc2 g6 16. Be2 d5 17. cxd5 exd5 18. exd5 Nxd5 19. Nxd5 Bxd5 20. Bc4 Bxc4
21. Qxc4 a5 22. f5 Bf6 23. fxg6 Bd4+ 24. Kh1 hxg6 25. b3 Kg7 26. Bf4 Qb7 27.
Bd2 Qc7 28. Bc3 Bxc3 29. Qxc3+ Kg8 30. Qf6 Rxe1 31. Rxe1 Qd8 32. Qc3 Qh4 33.
Rc1 Re8 34. Qxa5 Re2 35. Qxc5 Rxa2 36. b4 Qe4 37. Qc8+ Kg7 38. Qc3+ Kg8 39. Qh3
Kg7 40. b5 Re2 41. Rf1 Re3 42. Qd7 Qc4 43. Rb1 Rb3 44. Qd1 1/2-1/2

[Event "Memorial Nicola Palladino A"]
[Site "Milano ITA"]
[Date "2011.04.23"]
[Round "3"]
[White "Zacco, Remo"]
[Black "Attuati, Stefano"]
[Result "0-1"]
[WhiteElo "1942"]
[BlackElo "1958"]
[PlyCount "80"]
[EventDate "2011.04.21"]

1. b3 e5 2. Bb2 d6 3. e3 Nf6 4. c4 c6 5. Nf3 Nbd7 6. d4 e4 7. Nfd2 d5 8. Nc3
Bd6 9. Be2 h5 10. h3 a6 11. a4 Qe7 12. c5 Bc7 13. b4 Nf8 14. b5 Rh6 15. bxc6
bxc6 16. a5 N6h7 17. Nb3 Qg5 18. Bf1 Ng6 19. Qc2 Nh4 20. O-O-O Qd8 21. f3 Nf5
22. fxe4 Nxe3 23. Qe2 Bf4 24. exd5 Kf8 25. g3 Bg5 26. Kb1 Bf5+ 27. Ka2 Bc2 28.
Re1 Bxb3+ 29. Kxb3 Rb8+ 30. Ka2 Qxa5+ 31. Ba3 Qxc3 32. Bb2 Qb3+ 33. Kb1 cxd5
34. h4 Bf6 35. Qd2 Nc4 36. Bxc4 dxc4 37. Re3 Qxb2+ 38. Qxb2 Rxb2+ 39. Kxb2
Bxd4+ 40. Ka3 Bxe3 0-1

[Event "Memorial Nicola Palladino A"]
[Site "Milano ITA"]
[Date "2011.04.23"]
[Round "4"]
[White "Astengo, Corrado"]
[Black "Cazzaniga, Walter"]
[Result "1-0"]
[WhiteElo "2119"]
[BlackElo "2079"]
[PlyCount "65"]
[EventDate "2011.04.21"]

1. Nf3 Nf6 2. d4 g6 3. c4 Bg7 4. Nc3 O-O 5. e4 d6 6. Be2 e5 7. Be3 Ng4 8. Bg5
f6 9. Bh4 Nc6 10. d5 Ne7 11. Nd2 Nh6 12. b4 a5 13. a3 g5 14. Bg3 f5 15. f3 Ng6
16. c5 f4 17. Bf2 g4 18. cxd6 cxd6 19. Nc4 axb4 20. axb4 Rxa1 21. Qxa1 gxf3 22.
gxf3 Bf6 23. Qa5 Qe7 24. Qb6 Nf7 25. Nb5 Rd8 26. Kd2 Bh4 27. Ra1 Bxf2 28. Qxf2
Bd7 29. Qb6 Bxb5 30. Qxb5 Rb8 31. Ra7 Nf8 32. Qb6 Nd8 33. Qxd6 1-0

[Event "Memorial Nicola Palladino A"]
[Site "Milano ITA"]
[Date "2011.04.23"]
[Round "4"]
[White "Attuati, Stefano"]
[Black "Miracola, Massimiliano"]
[Result "0-1"]
[WhiteElo "1958"]
[BlackElo "1929"]
[PlyCount "80"]
[EventDate "2011.04.21"]

1. e4 c5 2. Nf3 d6 3. d4 cxd4 4. Nxd4 Nf6 5. Nc3 g6 6. f3 Bg7 7. Be3 Nc6 8. Bc4
Qb6 9. Qd2 Nxe4 10. fxe4 Bxd4 11. Bxd4 Qxd4 12. Qxd4 Nxd4 13. O-O-O Nc6 14. Nd5
Kd8 15. Nc3 Ne5 16. Bb3 Be6 17. Bxe6 fxe6 18. h3 Rf8 19. Rhf1 Kd7 20. Nb5 a6
21. Nd4 Rac8 22. Nf3 Nxf3 23. gxf3 Rf4 24. Kd2 Rc5 25. Ke3 Rh4 26. Rh1 Rxc2 27.
Rd2 Rxd2 28. Kxd2 d5 29. Ke3 g5 30. e5 h5 31. Rg1 Rxh3 32. Rxg5 Rh2 33. b4 Rxa2
34. Rxh5 Ra4 35. b5 a5 36. Rh8 Rb4 37. b6 Rxb6 38. Ra8 Rb3+ 39. Kd4 Rb4+ 40.
Kc3 b6 0-1

[Event "Memorial Nicola Palladino A"]
[Site "Milano ITA"]
[Date "2011.04.23"]
[Round "4"]
[White "Chiarion, Elisa"]
[Black "Gongalov, Bojan"]
[Result "0-1"]
[WhiteElo "1959"]
[BlackElo "2061"]
[PlyCount "136"]
[EventDate "2011.04.21"]

1. e4 c5 2. Nf3 e6 3. b3 Nf6 4. e5 Nd5 5. c4 Nb4 6. Bb2 N4c6 7. Be2 d5 8. exd6
Qxd6 9. O-O e5 10. Nc3 a6 11. Nd5 Be6 12. Nc3 Be7 13. Ne4 Qc7 14. Nfg5 Nd8 15.
Bg4 Bxg5 16. Nxg5 Qd6 17. Re1 Nbc6 18. f4 Nd4 19. Bxe6 N8xe6 20. Nxe6 fxe6 21.
Qh5+ g6 22. Qxe5 O-O-O 23. Qxd6 Rxd6 24. Re5 Rf8 25. Re4 Nc2 26. Rd1 Rd3 27.
Bc3 Kd7 28. Kf2 Ke7 29. Rc1 Nb4 30. Rce1 Rd6 31. Bxb4 cxb4 32. R1e2 Rfd8 33.
Ke1 b6 34. d4 Kf7 35. c5 bxc5 36. dxc5 Rd1+ 37. Kf2 Rc1 38. Rxb4 Rxc5 39. Rb7+
Kg8 40. Rb6 Rf8 41. g3 e5 42. b4 Rd5 43. Kf3 exf4 44. gxf4 Rdf5 45. Re4 g5 46.
Kg4 h5+ 47. Kxh5 gxf4+ 48. Kg4 f3 49. Re1 f2 50. Rf1 Rf3 51. Re6 R8f4+ 52. Kg5
Rxb4 53. Re2 Rbf4 54. h4 Kf7 55. Re5 a5 56. Rxa5 Ke6 57. Rc5 Re4 58. Rc6+ Ke5
59. Rc2 Rf5+ 60. Kg6 Rg4+ 61. Kh6 Rxh4+ 62. Kg6 Rg4+ 63. Kh6 Rf3 64. Kh5 Rg2
65. Kh4 Kf4 66. Rc4+ Ke3 67. Rc3+ Ke2 68. Rcc1 Rf8 0-1

[Event "Memorial Nicola Palladino A"]
[Site "Milano ITA"]
[Date "2011.04.23"]
[Round "4"]
[White "Formento, Paolo"]
[Black "Moroni, Luca jr"]
[Result "1/2-1/2"]
[WhiteElo "2004"]
[BlackElo "1815"]
[PlyCount "90"]
[EventDate "2011.04.21"]

1. e4 c5 2. Nf3 d6 3. Bb5+ Bd7 4. Bxd7+ Nxd7 5. O-O Ngf6 6. Qe2 e6 7. d3 Be7 8.
e5 Nxe5 9. Nxe5 dxe5 10. Qxe5 Qd6 11. Qe2 Qc7 12. g3 O-O 13. Nc3 a6 14. Ne4
Nxe4 15. dxe4 Rad8 16. f4 c4 17. Be3 Bc5 18. Rfd1 b5 19. Kf1 Bxe3 20. Qxe3 Rd7
21. c3 Rfd8 22. Rxd7 Qxd7 23. Ke1 g6 24. Qe2 Kf8 25. Rd1 Qxd1+ 26. Qxd1 Rxd1+
27. Kxd1 Ke7 28. e5 Kd7 29. Ke2 Kc6 30. Ke3 Kd5 31. h4 h5 32. Kf3 Kc6 33. g4
Kd5 34. gxh5 gxh5 35. Ke3 Kc6 36. Kd4 Kb6 37. Ke4 Kc5 38. Ke3 Kd5 39. a3 a5 40.
Kf3 Kc6 41. f5 Kc5 42. Ke3 Kc6 43. Ke4 Kc5 44. Kf3 Kc6 45. Kg3 Kc5 1/2-1/2

[Event "Memorial Nicola Palladino A"]
[Site "Milano ITA"]
[Date "2011.04.23"]
[Round "4"]
[White "Gaggino, Davide"]
[Black "Cantu', Guido"]
[Result "1/2-1/2"]
[WhiteElo "1903"]
[BlackElo "1892"]
[PlyCount "116"]
[EventDate "2011.04.21"]

1. c4 Nf6 2. Nc3 c5 3. g3 g6 4. Bg2 Bg7 5. e4 d6 6. h3 O-O 7. Nge2 Nc6 8. O-O
a6 9. d3 Rb8 10. a4 e6 11. Be3 Qc7 12. Qd2 b6 13. Bh6 Rd8 14. Bg5 Bb7 15. Rad1
Rd7 16. Qc1 Re8 17. Rfe1 Na5 18. Qf4 Nh5 19. Qh4 h6 20. Be3 Qd8 21. Qxd8 Rexd8
22. g4 Nf6 23. f4 d5 24. e5 Ne8 25. cxd5 exd5 26. d4 Nc4 27. Bc1 Nc7 28. Nb1
Bc6 29. b3 Na5 30. Rd3 c4 31. bxc4 dxc4 32. Ra3 Bxg2 33. Kxg2 Bf8 34. Ra2 Nb3
35. Be3 Nd5 36. Bd2 Nb4 37. Bxb4 Bxb4 38. Rf1 Nxd4 39. Ng3 Nb3 40. Ne4 Rd4 41.
Nf6+ Kg7 42. Rff2 Nd2 43. Na3 Ne4 44. Nxe4 Rxe4 45. Nc2 Ba5 46. Kf3 Red4 47.
Nxd4 Rxd4 48. Rfe2 c3 49. Ke3 Rd1 50. Kf2 Rd4 51. Kf3 Rd1 52. f5 Bb4 53. e6
fxe6 54. fxe6 Kf6 55. Re4 a5 56. Rae2 Rd3+ 57. Kg2 Rd2 58. Kf3 Rd3+ 1/2-1/2

[Event "Memorial Nicola Palladino A"]
[Site "Milano ITA"]
[Date "2011.04.23"]
[Round "4"]
[White "Gilevych, Artem"]
[Black "Pegoraro, Nicola"]
[Result "1-0"]
[WhiteElo "2219"]
[BlackElo "2016"]
[PlyCount "53"]
[EventDate "2011.04.21"]

1. d4 f5 2. Bg5 g6 3. Nc3 Bg7 4. e4 fxe4 5. Nxe4 Nf6 6. Bd3 Nc6 7. c3 O-O 8.
Ne2 d5 9. N4g3 e5 10. dxe5 Nxe5 11. h3 c6 12. O-O Bxh3 13. Bxf6 Qxf6 14. gxh3
Nf3+ 15. Kh1 Qh4 16. Kg2 Rf7 17. Ng1 Nxg1 18. Rxg1 Raf8 19. Rf1 Rf4 20. Bc2 Be5
21. Qd3 Qf6 22. Qe2 Qg5 23. Rae1 Rxf2+ 24. Rxf2 Qxg3+ 25. Kf1 Qxh3+ 26. Kg1
Qg3+ 27. Rg2 1-0

[Event "Memorial Nicola Palladino A"]
[Site "Milano ITA"]
[Date "2011.04.23"]
[Round "4"]
[White "Gonella, Daniele"]
[Black "Barberi, Alessandro"]
[Result "1/2-1/2"]
[WhiteElo "2022"]
[BlackElo "2077"]
[PlyCount "86"]
[EventDate "2011.04.21"]

1. e4 c5 2. Nc3 Nc6 3. g3 g6 4. Bg2 Bg7 5. f4 d6 6. d3 e6 7. Nf3 Nge7 8. O-O
O-O 9. Be3 Nd4 10. Qd2 Qa5 11. Rad1 Rb8 12. a3 Nec6 13. Nb1 Qa4 14. c3 Nxf3+
15. Bxf3 b6 16. Rc1 Bd7 17. Qg2 Qa6 18. Qe2 Rfc8 19. Nd2 b5 20. Ra1 Qb6 21. Kg2
f5 22. h4 h5 23. Rh1 Qd8 24. exf5 exf5 25. Bd5+ Kh7 26. Nf3 Bf6 27. Ng5+ Kg7
28. Rhe1 Bxg5 29. fxg5 Qf8 30. Qf2 Ne5 31. Qd2 Bc6 32. Bxc6 Rxc6 33. d4 Nc4 34.
Qf2 Re8 35. Rad1 Rc7 36. dxc5 dxc5 37. Bf4 Rce7 38. b3 Rxe1 39. Rxe1 Nxa3 40.
Rxe8 Qxe8 41. Qxc5 Qe4+ 42. Kf2 Qc2+ 43. Ke1 Qb1+ 1/2-1/2

[Event "Memorial Nicola Palladino A"]
[Site "Milano ITA"]
[Date "2011.04.23"]
[Round "4"]
[White "Guzzetti, Luigi Enrico"]
[Black "Nicolo', Filippo"]
[Result "0-1"]
[WhiteElo "1908"]
[BlackElo "2024"]
[PlyCount "132"]
[EventDate "2011.04.21"]

1. e4 c5 2. Nf3 a6 3. d4 cxd4 4. Nxd4 Nf6 5. Nc3 e5 6. Nb3 Bb4 7. Bc4 O-O 8.
Qe2 d5 9. Bxd5 Nxd5 10. exd5 Bxc3+ 11. bxc3 Qxd5 12. O-O Nc6 13. Ba3 Re8 14.
Rfd1 Qe6 15. Rd6 Qg4 16. f3 Qa4 17. Bc5 Bf5 18. Bb6 Qa3 19. Rd2 a5 20. g4 Be6
21. Rdd1 a4 22. Nc5 Qxc3 23. Ne4 Qb2 24. Rdb1 Nd4 25. Rxb2 Nxe2+ 26. Kf2 Nf4
27. Bc7 Bd5 28. Nd6 Re7 29. Bb6 Rd7 30. Nb5 Bc6 31. Be3 Nd5 32. a3 Nxe3 33.
Kxe3 h6 34. h4 g6 35. Nc3 f5 36. gxf5 gxf5 37. Rg1+ Rg7 38. Rxg7+ Kxg7 39. Rb1
Kf7 40. Rb4 Ke6 41. Nb5 Rg8 42. Kf2 f4 43. Na7 Rg3 44. Nxc6 bxc6 45. Rxa4 Rh3
46. Kg2 Rxh4 47. Rb4 Rh5 48. Rb3 Rg5+ 49. Kh3 Rg1 50. Kh2 Rc1 51. Rc3 Kd5 52.
Kh3 c5 53. Rd3+ Kc4 54. Rd6 Rxc2 55. Rxh6 Rc3 56. Kg4 Rxa3 57. Re6 Re3 58. Kf5
Kc3 59. Rxe5 Rxe5+ 60. Kxe5 Kd3 61. Kxf4 c4 62. Ke5 c3 63. f4 c2 64. f5 c1=Q
65. f6 Qc8 66. f7 Qf8 0-1

[Event "Memorial Nicola Palladino A"]
[Site "Milano ITA"]
[Date "2011.04.23"]
[Round "4"]
[White "Petrone, Gianmario"]
[Black "Salmoiraghi, Angelo"]
[Result "1/2-1/2"]
[WhiteElo "1849"]
[BlackElo "2161"]
[PlyCount "42"]
[EventDate "2011.04.21"]

1. e4 c5 2. Nf3 a6 3. d4 cxd4 4. Nxd4 Nf6 5. Nc3 e5 6. Nb3 Bb4 7. Bg5 Bxc3+ 8.
bxc3 h6 9. Bxf6 Qxf6 10. Bc4 Qg6 11. Qf3 O-O 12. Bd5 Nc6 13. Rb1 Ne7 14. c4
Nxd5 15. cxd5 d6 16. O-O f5 17. Qg3 Qxg3 18. hxg3 f4 19. gxf4 Rxf4 20. Nd2 b5
21. c4 Bd7 1/2-1/2

[Event "Memorial Nicola Palladino A"]
[Site "Milano ITA"]
[Date "2011.04.23"]
[Round "4"]
[White "Piantoni, Pierino"]
[Black "Cani, Gazmir"]
[Result "0-1"]
[WhiteElo "1965"]
[BlackElo "2132"]
[PlyCount "76"]
[EventDate "2011.04.21"]

1. Nf3 Nf6 2. Nc3 d5 3. d4 g6 4. Bf4 Bg7 5. h3 O-O 6. e3 c5 7. Be2 Nc6 8. O-O
Ne4 9. Nb5 a6 10. Na3 b5 11. c3 Bf5 12. Nc2 Qb6 13. dxc5 Nxc5 14. Ncd4 Nxd4 15.
Nxd4 Bd7 16. Nf3 Rfd8 17. Ne5 Be8 18. Qd4 Na4 19. Qxb6 Nxb6 20. Rfd1 Rac8 21.
Rd2 f6 22. Nf3 e5 23. Bg3 Nc4 24. Bxc4 Rxc4 25. Rad1 Bf7 26. Kf1 a5 27. Ng1
Rdc8 28. Ne2 b4 29. f3 Bh6 30. f4 exf4 31. Bxf4 Bxf4 32. exf4 bxc3 33. bxc3 Rb8
34. Kf2 a4 35. Rc2 a3 36. Rdd2 Be6 37. Nd4 Bd7 38. Nb3 Ba4 0-1

[Event "Memorial Nicola Palladino A"]
[Site "Milano ITA"]
[Date "2011.04.23"]
[Round "4"]
[White "Pierandrei, Cristiano"]
[Black "Zacco, Remo"]
[Result "0-1"]
[WhiteElo "1963"]
[BlackElo "1942"]
[PlyCount "136"]
[EventDate "2011.04.21"]

1. Nf3 Nf6 2. c4 g6 3. Nc3 Bg7 4. e4 d6 5. d4 O-O 6. Be2 c6 7. O-O Qc7 8. Re1
Nbd7 9. Bg5 Re8 10. Qd2 e5 11. d5 c5 12. Rf1 a6 13. Ne1 h5 14. f3 Nf8 15. Nd3
N6h7 16. Be3 Bd7 17. a4 b6 18. b4 a5 19. bxc5 bxc5 20. Rfb1 Rab8 21. Rxb8 Rxb8
22. Nb5 Bxb5 23. axb5 Ra8 24. Nb2 Nd7 25. Na4 Bf6 26. Ra3 Bd8 27. f4 Bf6 28. f5
Nhf8 29. fxg6 fxg6 30. Bh6 Nh7 31. Rg3 Kf7 32. Rf3 Qd8 33. g4 hxg4 34. Rf1 Kg8
35. Bxg4 Ndf8 36. Qf2 Ra7 37. b6 Rb7 38. Kh1 Bg5 39. Bxg5 Nxg5 40. Qe3 Ngh7 41.
Qd2 Qh4 42. Qg2 Qd8 43. Qg3 Qe8 44. Ra1 Nf6 45. Bf3 Qc8 46. Qg5 Rf7 47. Ra3 Qh3
48. Qg2 Qh6 49. Qb2 Rb7 50. Ra1 Qe3 51. Ra3 Qe1+ 52. Kg2 N8h7 53. Qf2 Qb4 54.
Qa2 Ng5 55. Re3 Nd7 56. Bg4 Nf6 57. Bc8 Rb8 58. b7 Ngxe4 59. Qc2 Qd2+ 60. Qxd2
Nxd2 61. Nb6 Kf7 62. Re2 Nde4 63. Rxe4 Nxe4 64. Nd7 Rxb7 65. Bxb7 a4 66. Nxe5+
dxe5 67. d6 Nxd6 68. Bd5+ Kf6 0-1

[Event "Memorial Nicola Palladino A"]
[Site "Milano ITA"]
[Date "2011.04.24"]
[Round "5"]
[White "Barberi, Alessandro"]
[Black "Gilevych, Artem"]
[Result "0-1"]
[WhiteElo "2077"]
[BlackElo "2219"]
[PlyCount "66"]
[EventDate "2011.04.21"]

1. d4 Nf6 2. Nf3 g6 3. g3 Bg7 4. Bg2 O-O 5. O-O d6 6. c4 Nc6 7. Nc3 e5 8. e4
Bg4 9. d5 Nd4 10. Be3 Nd7 11. Nb5 Nxb5 12. cxb5 f5 13. h3 Bh5 14. Qc2 f4 15.
Bd2 g5 16. g4 Be8 17. Rfc1 Rc8 18. Bb4 Nb8 19. Qd3 Bf6 20. Rc2 Qd7 21. Rac1 Bd8
22. a4 h5 23. Nh2 Rf6 24. f3 a6 25. Bf1 axb5 26. axb5 c6 27. bxc6 bxc6 28. dxc6
Rxc6 29. Rxc6 Nxc6 30. Qd5+ Kg7 31. Bb5 Qa7+ 32. Bc5 Bb6 33. Bxb6 Qxb6+ 0-1

[Event "Memorial Nicola Palladino A"]
[Site "Milano ITA"]
[Date "2011.04.24"]
[Round "5"]
[White "Cani, Gazmir"]
[Black "Petrone, Gianmario"]
[Result "1-0"]
[WhiteElo "2132"]
[BlackElo "1849"]
[PlyCount "151"]
[EventDate "2011.04.21"]

1. d4 Nf6 2. Bg5 Ne4 3. Bh4 c5 4. Nd2 Nxd2 5. Qxd2 cxd4 6. Nf3 Nc6 7. Nxd4 Nxd4
8. Qxd4 Qa5+ 9. c3 e6 10. e3 Qc5 11. Be2 Qxd4 12. cxd4 Bb4+ 13. Kd1 d5 14. a3
Bd6 15. Kd2 Bd7 16. Rhc1 O-O 17. Bg3 Bxg3 18. hxg3 Rfc8 19. Rc3 Kf8 20. g4 h6
21. Rh1 Ke7 22. f4 Kd6 23. Bd3 Rh8 24. Rhc1 Rac8 25. Rf1 Ba4 26. f5 e5 27.
dxe5+ Kxe5 28. Rf4 Bc6 29. Rd4 Kf6 30. b4 a6 31. Rc1 h5 32. gxh5 Rxh5 33. Be2
Rh2 34. Bf3 Re8 35. Rf4 Re5 36. Rf1 Rxf5 37. Bxd5 Rxf4 38. Rxf4+ Ke5 39. Bxc6
bxc6 40. Rg4 g6 41. Kd3 Rh1 42. Rg5+ f5 43. Rxg6 Ra1 44. Rxc6 Rxa3+ 45. Rc3 Ra2
46. Rc5+ Kf6 47. Rc2 Ra3+ 48. Kd4 Rb3 49. Rc6+ Kg5 50. Rb6 Kg4 51. Rg6+ Kh5 52.
Rb6 Kg4 53. e4 fxe4 54. Kxe4 Rb2 55. Kd4 Kf5 56. Kc4 Ra2 57. g3 Ra4 58. Rb8 Kg4
59. Rg8+ Kf5 60. Rc8 Ke6 61. Rc5 Ra1 62. g4 Rc1+ 63. Kd4 Rd1+ 64. Ke4 Re1+ 65.
Kf4 Rb1 66. Rc6+ Kd5 67. Rb6 Rf1+ 68. Kg5 Rb1 69. Kh6 Rh1+ 70. Kg6 Rh4 71. g5
Ke5 72. Kg7 Kf5 73. g6 Rd4 74. Rxa6 Rxb4 75. Ra5+ Kg4 76. Kg8 1-0

[Event "Memorial Nicola Palladino A"]
[Site "Milano ITA"]
[Date "2011.04.24"]
[Round "5"]
[White "Cazzaniga, Walter"]
[Black "Basso, Pier Luigi"]
[Result "1-0"]
[WhiteElo "2079"]
[BlackElo "1996"]
[PlyCount "73"]
[EventDate "2011.04.21"]

1. d4 g6 2. c4 Bg7 3. Nf3 c5 4. d5 f5 5. g3 d6 6. Bg2 Qb6 7. Qc2 Qb4+ 8. Nbd2
b5 9. O-O bxc4 10. Nxc4 Ba6 11. Nfd2 Nd7 12. a3 Qb5 13. Rb1 Ne5 14. b3 h5 15.
Re1 h4 16. e4 hxg3 17. hxg3 f4 18. gxf4 Ng4 19. e5 Rh6 20. Ne4 O-O-O 21. Bf1
Qb7 22. Rd1 Nh2 23. Bg2 Qd7 24. e6 Qe8 25. b4 Qb5 26. Ne3 Qe2 27. Qxe2 Bxe2 28.
Rd2 Nf3+ 29. Bxf3 Bxf3 30. Ng3 Nf6 31. bxc5 Rdh8 32. Ng2 Ne4 33. cxd6 Nxd2 34.
d7+ Kc7 35. Bxd2 Bd4 36. f5 Rh2 37. Bf4+ 1-0